| 000 | 00777nam a2200229 i 4500 | ||
|---|---|---|---|
| 001 | 82193 | ||
| 003 | ES-MaACL | ||
| 005 | 20230906174627.0 | ||
| 007 | t| | ||
| 008 | 041129s2003 sp af |||| | spa d | ||
| 020 | _a84-96117-19-7 | ||
| 080 | _a821.134.2.09"19" | ||
| 080 | _a821.134.3.09"19" | ||
| 100 | 1 |
_aSáez Delgado, Antonio. _9101367 |
|
| 245 | 1 | 0 |
_aCorredores de fondo _b: literatura en la Península Ibérica a principios del siglo XX / _cAntonio Sáez Delgado. |
| 250 | _a1ª ed. | ||
| 260 |
_aGijón : _bLibros del Pexe, _c2003. |
||
| 300 |
_a192 p., [16] p. de lám. ; _c19 cm. |
||
| 650 | 1 | 4 |
_aLiteratura portuguesa- _yS.XX- _xHistoria y crítica. _914651 |
| 650 | 4 |
_aLiteratura española- _yS.XX- _xHistoria y crítica. _9141686 |
|
| 852 |
_aES-MaACL _jL-28545 |
||
| 999 |
_c82193 _d82193 |
||